Jaroslav Halák: Vždy som chcel byť brankárom

Podrobná bibliografia
Hlavní autori: Artimová, Zuzana (Autor, Tazateľ), Halák, Jaroslav, 1985- (Autor)
Médium: Článok
Jazyk:slovenčina
Fyzický popis:Fotogr.
ISSN:0139-8512
Predmet:
On-line prístup:http://www.katnoviny.sk/

MARC

LEADER 00000nab a2200000 ar4500
001 vtls010195625
003 SK-MaSNL
005 20260303092214.0
008 101208c2010 xo ||||||||||||00 b|slo
015 |a SNBRB2010/12  |2 snkbucl 
038 |a SNKBUCL 
040 |a SNKBUCL  |b slo  |c SNKBUCL  |e AACR2 
041 0 |a slo 
044 |a xo  |c SK 
080 |a 796.966.071  |2 2001 
080 |a 929 Halák, Jaroslav  |2 2001 
100 1 |a Artimová, Zuzana  |4 aut  |4 ivr  |9 270661 
245 1 0 |a Jaroslav Halák: Vždy som chcel byť brankárom  |c Zuzana Artimová, Jaroslav Halák 
300 |b Fotogr. 
600 1 7 |a Halák, Jaroslav,  |d 1985-  |2 snkbucl  |9 1083838 
650 0 7 |a ľadový hokej  |2 snkbucl  |9 3231 
655 7 |a rozhovory  |2 snkbucl  |9 31831 
700 1 |a Halák, Jaroslav,  |d 1985-  |4 aut  |4 ive  |9 1083838 
773 0 |t Katolícke noviny  |g Roč. 125, č. 48 (2010), s. 13  |x 0139-8512 
852 |a SNK  |b KIS3GCP 
856 4 1 |u http://www.katnoviny.sk/ 
958 |a SK 
958 |a BX 
999 |c 1811215  |d 1813145